Masked Singer - Statistics

General Stats
  • This quiz has been taken 47 times
    23 since last reset
  • The average score is 19 of 35
Answer Stats
Hint Answer % Correct
Hippo Antonio Brown
78%
Deer Terry Bradshaw
78%
Bee Gladys Knight
72%
Rabbit Joey Fatone
72%
Lion Rumer Willis
72%
Monster T-Pain
72%
Peacock Donny Osmond
67%
Egg Johnny Weir
67%
Alien La Toya Jackson
67%
Pineapple Tommy Chong
67%
Unicorn Tori Spelling
67%
Ladybug Kelly Osbourne
61%
Robot Lil Wayne
61%
Poodle Margaret Cho
61%
Black Widow Raven Symone
61%
Raven Ricki Lake
56%
Elephant Tony Hawk
56%
Llama Drew Carey
50%
Bear Sarah Palin
50%
Taco Tom Bergeron
50%
Miss Monster Chaka Khan
44%
Mouse Dionne Warwick
44%
Eagle Dr. Drew Pinsky
44%
Panda Laila Ali
44%
Leopard Seal
44%
Ice Cream Tyler "Ninja" Blevins
44%
Thingamajig Victor Oladipo
44%
Rottweiler Chris Daughtry
39%
Skeleton Paul Shaffer
39%
Penguin Sherri Shepherd
39%
Fox Wayne Brady
39%
Flamingo Adrienne Bailon
33%
Tree Ana Gasteyer
33%
Butterfly Michelle Williams
33%
Flower Patti LaBelle
28%
No matching quizzes found
Score Distribution
Percent of People with Each Score
Percentile by Number Answered
Your Score History
You have not taken this quiz since the last reset